Γυναικεία απασχόληση στην Ελλάδα = Female employment in Greece
Αποθηκεύτηκε σε:
| Άλλοι συγγραφείς: | |
|---|---|
| Μορφή: | Βιβλίο |
| Γλώσσα: | Greek |
| Δημοσίευση: |
Πειραιάς :
Πανεπιστήμιο Πειραιώς,
2008.
|
| Θέματα: | |
| Ετικέτες: |
Προσθήκη ετικέτας
Δεν υπάρχουν, Καταχωρήστε ετικέτα πρώτοι!
|
MARC
| LEADER | 00000cam a2200000 a 4500 | ||
|---|---|---|---|
| 001 | 1/115544 | ||
| 008 | 171206t2008####gr | ||| |||| ||gre|| | ||
| 040 | |a GR-MyUa |b gre |c GR-MyUa |e AACR2 | ||
| 041 | 0 | |a gre | |
| 082 | 7 | |a 331.4 |2 (23) | |
| 245 | 0 | 0 | |a Γυναικεία απασχόληση στην Ελλάδα = |b Female employment in Greece / |c επιμέλεια Ελένη Νίνα-Παζαρζή. |
| 260 | |a Πειραιάς : |b Πανεπιστήμιο Πειραιώς, |c 2008. | ||
| 300 | |a 94 σ. : |b διαγρ., πίν. ; |c 24 εκ. | ||
| 500 | |a Πρακτικά ημερίδας. | ||
| 504 | |a Περιλαμβάνει βιβλιογραφικές παραπομπές. | ||
| 650 | 0 | |a Women |x Employment |z Greece |x Congresses. | |
| 700 | 1 | |a Νίνα-Παζαρζή, Ελένη Γ. |e edtf | |
| 852 | |a INST |b CHIOS |e 20171206 |h 331.4 ΓΥΝ |p 005200038232 |q 005200038232 |t BK |y 0 | ||
| 852 | |a INST |b RHODES |e 20200211 |h 331.4 ΓΥΝ |p 005400041397 |q 005400041397 |t BK |y 0 | ||
| 970 | |z 12-12-2017 | ||